[Event "DSOL 03 Liga Gr-D 1st"]
[Site "Playchess.com INT"]
[Date "2020.06.26"]
[Round "1.3"]
[White "Frost, Andreas"]
[Black "Hoehmann, Wilfried"]
[Result "1/2-1/2"]
[WhiteElo "1914"]
[BlackElo "1800"]
[PlyCount "51"]
[EventDate "2020.06.22"]
[EventType "team-tourn (rapid)"]
[EventCountry "GER"]
[SourceTitle "EXT 2021"]
[Source "ChessBase"]
[SourceDate "2020.10.23"]
[SourceVersion "1"]
[SourceVersionDate "2020.10.23"]
[SourceQuality "1"]
[WhiteTeam "Wuerselen"]
[BlackTeam "Vellmar"]
[WhiteTeamCountry "GER"]
[BlackTeamCountry "GER"]

1. g3 Nf6 2. Bg2 g6 3. c4 Bg7 4. Nc3 c6 5. Nf3 0-0 6. 0-0 d5 7. cxd5 cxd5 8. d3 Nc6 9. a3 a6 10. Bg5 h6 11. Bxf6 Bxf6 12. Rc1 e5 13. Qb3 Ne7 14. Nd2 Be6 15. Qxb7 Rb8 16. Qxa6 Rxb2 17. Rfd1 Bg5 18. e3 d4 19. Na4 Ra2 20. Ra1 dxe3 21. Rxa2 exf2+ 22. Kxf2 Bxa2 23. Nf3 Nf5 24. h4 Bb3 25. Re1 Bxa4 26. hxg5 1/2-1/2

[Event "Mittelrhein Verbandsliga-W 16/17"]
[Site "Nordrheinwestfalen"]
[Date "2017.03.19"]
[Round "9.6"]
[White "Frost, Andreas"]
[Black "Singh, Marcel"]
[Result "1/2-1/2"]
[WhiteElo "1919"]
[BlackElo "1874"]
[PlyCount "123"]
[EventDate "2016.09.11"]
[EventType "team-tourn"]
[EventRounds "11"]
[EventCountry "GER"]
[SourceTitle "EXT 2022"]
[Source "ChessBase"]
[SourceDate "2021.10.06"]
[SourceVersion "1"]
[SourceVersionDate "2021.10.06"]
[SourceQuality "1"]
[WhiteTeam "Wuerselen II"]
[BlackTeam "Eschweiler SC"]
[WhiteTeamCountry "GER"]
[BlackTeamCountry "GER"]

1. d4 e5 2. dxe5 Nc6 3. Nf3 Qe7 4. g3 Nxe5 5. Nxe5 Qxe5 6. Bg2 Bb4+ 7. c3 Ba5 8. Bf4 Qe7 9. 0-0 Nf6 10. e4 0-0 11. e5 Ne8 12. h4 Bb6 13. Nd2 d6 14. Re1 d5 15. Bxd5 Bxf2+ 16. Kxf2 Qc5+ 17. Re3 Qxd5 18. Ne4 Qb5 19. b4 Bf5 20. a4 Qc4 21. Qd4 Qb3 22. Rd1 Bxe4 23. Rxe4 Qxa4 24. Kg1 Qb3 25. Rd2 Rd8 26. Qxd8 Qb1+ 27. Kh2 Qxe4 28. Qe7 Qc4 29. Rd8 Qe6 30. Bg5 Qc6 31. c4 a6 32. Be3 b6 33. c5 b5 34. Bf4 h6 35. g4 Qe6 36. Qxe6 fxe6 37. Kg3 Kf7 38. Rd7+ Kg8 39. Re7 c6 40. h5 Kh7 41. g5 hxg5 42. Bxg5 Rf5 43. Bf4 Rf8 44. Rxe6 Nc7 45. Rxc6 Nd5 46. Bd2 Rf5 47. Rd6 Rxe5 48. c6 Nf6 49. Kf4 Re4+ 50. Kf5 Rc4 51. Re6 Nxh5 52. Bg5 Rxb4 53. c7 Rc4 54. Bd8 g5 55. Kxg5 Rc5+ 56. Kg4 Ng7 57. Rxa6 Ne8 58. Ra7 Kg6 59. Rb7 Rc4+ 60. Kf3 Kf5 61. Rxb5+ Ke6 62. Rb8 1/2-1/2

[Event "Mittelrhein Verbandsliga-W 16/17"]
[Site "Nordrheinwestfalen"]
[Date "2017.02.19"]
[Round "8.5"]
[White "Frost, Andreas"]
[Black "Juelich, Thomas"]
[Result "1-0"]
[WhiteElo "1919"]
[BlackElo "1942"]
[PlyCount "73"]
[EventDate "2016.09.11"]
[EventType "team-tourn"]
[EventRounds "11"]
[EventCountry "GER"]
[SourceTitle "EXT 2022"]
[Source "ChessBase"]
[SourceDate "2021.10.06"]
[SourceVersion "1"]
[SourceVersionDate "2021.10.06"]
[SourceQuality "1"]
[WhiteTeam "Wuerselen II"]
[BlackTeam "Pulheim"]
[WhiteTeamCountry "GER"]
[BlackTeamCountry "GER"]

1. d4 Nf6 2. g3 c5 3. d5 e6 4. c4 exd5 5. cxd5 b5 6. Bg2 Bb7 7. Qb3 Be7 8. e4 Qb6 9. Nh3 d6 10. Nc3 a6 11. a4 b4 12. a5 Qc7 13. Nd1 Nbd7 14. Ne3 Rb8 15. Nc4 Ne5 16. Ng5 Nxc4 17. Qxc4 h6 18. Nf3 Nd7 19. 0-0 0-0 20. Bf4 Bf6 21. Qc2 Rfe8 22. Nd2 Bg5 23. Bxg5 hxg5 24. f4 Qd8 25. b3 gxf4 26. gxf4 Qh4 27. Nc4 Qe7 28. Rae1 f6 29. Re3 Nf8 30. Qe2 Rbd8 31. e5 fxe5 32. fxe5 Qg5 33. Rg3 Rxe5 34. Nxe5 Qxe5 35. Qf3 Nh7 36. Qf7+ Kh8 37. Qxb7 1-0

[Event "Mittelrhein Verbandsliga-W 16/17"]
[Site "Nordrheinwestfalen"]
[Date "2016.11.27"]
[Round "4.7"]
[White "Blasche, Martin"]
[Black "Frost, Andreas"]
[Result "1/2-1/2"]
[WhiteElo "1774"]
[BlackElo "1919"]
[PlyCount "28"]
[EventDate "2016.09.11"]
[EventType "team-tourn"]
[EventRounds "11"]
[EventCountry "GER"]
[SourceTitle "EXT 2022"]
[Source "ChessBase"]
[SourceDate "2021.10.06"]
[SourceVersion "1"]
[SourceVersionDate "2021.10.06"]
[SourceQuality "1"]
[WhiteTeam "Erftstadt SV"]
[BlackTeam "Wuerselen II"]
[WhiteTeamCountry "GER"]
[BlackTeamCountry "GER"]

1. d4 Nf6 2. Nf3 g6 3. c4 Bg7 4. Nc3 0-0 5. e4 d6 6. Bd3 Nbd7 7. 0-0 e5 8. dxe5 dxe5 9. Bg5 c6 10. Qd2 Re8 11. b4 Qc7 12. Rac1 Nf8 13. Bh6 Bh8 14. Bxf8 Rxf8 1/2-1/2

[Event "Mittelrhein Verbandsliga-W 15/16"]
[Site "Nordrheinwestfalen"]
[Date "2015.11.15"]
[Round "4.4"]
[White "Frost, Andreas"]
[Black "Luedtke, Wolfgang"]
[Result "1-0"]
[WhiteElo "1920"]
[BlackElo "1616"]
[PlyCount "47"]
[EventDate "2015.09.06"]
[EventType "team-tourn"]
[EventRounds "11"]
[EventCountry "GER"]
[SourceTitle "EXT 2022"]
[Source "ChessBase"]
[SourceDate "2021.10.06"]
[SourceVersion "1"]
[SourceVersionDate "2021.10.06"]
[SourceQuality "1"]
[WhiteTeam "Wuerselen II"]
[BlackTeam "Bruehl II"]
[WhiteTeamCountry "GER"]
[BlackTeamCountry "GER"]

1. d4 g6 2. c4 Bg7 3. Nf3 d6 4. Nc3 c6 5. e4 Bg4 6. Be2 Na6 7. Be3 Nf6 8. Qb3 Qb6 9. Qc2 Qc7 10. a3 Rc8 11. 0-0 0-0 12. c5 dxc5 13. dxc5 Nd7 14. b4 Ne5 15. Nd4 Bxe2 16. Qxe2 Rcd8 17. Rad1 Qc8 18. h3 Nc7 19. f4 Nd7 20. Qc4 e5 21. Nf3 exf4 22. Bxf4 Ne6 23. Bd6 Nf4 24. Bxf4 1-0

[Event "NRW Class1 1011"]
[Site "Germany"]
[Date "2011.03.13"]
[Round "8.8"]
[White "Schiefelbusch, Dirk"]
[Black "Frost, Andreas"]
[Result "1-0"]
[WhiteElo "2122"]
[BlackElo "2052"]
[PlyCount "55"]
[EventDate "2010.09.26"]
[EventType "team-tourn"]
[EventRounds "9"]
[EventCountry "GER"]
[SourceTitle "EXT 2012"]
[Source "ChessBase"]
[SourceDate "2011.11.24"]
[SourceVersion "1"]
[SourceVersionDate "2011.11.24"]
[SourceQuality "1"]
[WhiteTeam "Dortmund Hansa II"]
[BlackTeam "Wuerselen"]
[WhiteTeamCountry "GER"]
[BlackTeamCountry "GER"]

1. b4 e5 2. Bb2 d6 3. e3 f5 4. Nf3 Nd7 5. Be2 e4 6. Nd4 Qg5 7. 0-0 Ne5 8. Nb5 Qe7 9. d4 Ng6 10. c4 c6 11. N5c3 Nf6 12. Nd2 d5 13. b5 h5 14. a4 Ng4 15. bxc6 Qh4 16. h3 bxc6 17. cxd5 Bd6 18. Ba3 Bh2+ 19. Kh1 Bg3 20. Bxg4 hxg4 21. fxg3 Qh6 22. Ncxe4 fxe4 23. Nxe4 gxh3 24. Nd6+ Kd7 25. Qg4+ Kc7 26. Rf7+ Kd8 27. Nxc8 hxg2+ 28. Kxg2 1-0

[Event "Baunatal op 8th"]
[Site "Baunatal"]
[Date "2002.08.10"]
[Round "4"]
[White "Fankhaenel, Torsten"]
[Black "Frost, Andreas"]
[Result "1/2-1/2"]
[WhiteElo "1784"]
[BlackElo "2088"]
[PlyCount "44"]
[EventDate "2002.08.09"]
[EventType "swiss"]
[EventRounds "7"]
[EventCountry "GER"]
[SourceTitle "EXT 2003"]
[Source "ChessBase"]
[SourceDate "2002.11.25"]
[SourceVersion "1"]
[SourceVersionDate "2002.11.25"]
[SourceQuality "1"]

1. d4 Nf6 2. Nf3 g6 3. Bf4 Bg7 4. e3 0-0 5. Bd3 d6 6. h3 c5 7. c3 cxd4 8. exd4 Nbd7 9. 0-0 b6 10. Re1 Bb7 11. Nbd2 Re8 12. Qb3 Qc7 13. Bc4 e6 14. Qa3 e5 15. Bh2 Bf8 16. Qb3 d5 17. Bb5 Bc6 18. Bxc6 Qxc6 19. Nxe5 Nxe5 20. Bxe5 Nd7 21. Bf4 Qf6 22. Be3 Qd6 1/2-1/2

[Event "Baunatal op 8th"]
[Site "Baunatal"]
[Date "2002.08.10"]
[Round "3"]
[White "Frost, Andreas"]
[Black "Gelzenleichter, Siegfried"]
[Result "0-1"]
[WhiteElo "2088"]
[BlackElo "2207"]
[PlyCount "82"]
[EventDate "2002.08.09"]
[EventType "swiss"]
[EventRounds "7"]
[EventCountry "GER"]
[SourceTitle "EXT 2003"]
[Source "ChessBase"]
[SourceDate "2002.11.25"]
[SourceVersion "1"]
[SourceVersionDate "2002.11.25"]
[SourceQuality "1"]

1. d4 d5 2. c4 c6 3. e3 Nf6 4. Nf3 Bf5 5. Nc3 e6 6. Bd3 Bxd3 7. Qxd3 Nbd7 8. 0-0 Be7 9. e4 0-0 10. e5 dxc4 11. Qxc4 Nd5 12. Ne4 h6 13. Bd2 a5 14. a4 Qb6 15. Qd3 c5 16. h4 cxd4 17. g4 Nc5 18. Nxc5 Bxc5 19. h5 f5 20. g5 hxg5 21. Nxg5 Be7 22. Kh2 Bxg5 23. Bxg5 Qxb2 24. Bd2 Nb4 25. Bxb4 axb4 26. Qg3 Rf7 27. Rg1 Qe2 28. Qh4 Qxe5+ 29. f4 Qf6 30. Qf2 d3 31. Rad1 Rd8 32. Rg6 Qd4 33. Qg3 Qb2+ 34. Kh3 Qe2 35. h6 Rdd7 36. Rc1 d2 37. Rc8+ Kh7 38. Rxg7+ Rxg7 39. hxg7 Qh5+ 40. Qh4 Qxh4+ 41. Kxh4 Kxg7 0-1

[Event "Baunatal op 8th"]
[Site "Baunatal"]
[Date "2002.08.09"]
[Round "1"]
[White "Frost, Andreas"]
[Black "Poetsch, Hagen"]
[Result "1/2-1/2"]
[WhiteElo "2088"]
[BlackElo "1477"]
[PlyCount "107"]
[EventDate "2002.08.09"]
[EventType "swiss"]
[EventRounds "7"]
[EventCountry "GER"]
[SourceTitle "EXT 2003"]
[Source "ChessBase"]
[SourceDate "2002.11.25"]
[SourceVersion "1"]
[SourceVersionDate "2002.11.25"]
[SourceQuality "1"]

1. d4 e6 2. c4 Nf6 3. Nf3 b6 4. Nc3 Bb7 5. e3 Bb4 6. Bd2 0-0 7. Bd3 d5 8. 0-0 Qe7 9. Rc1 Ne4 10. cxd5 Nxd2 11. Qxd2 exd5 12. Qc2 g6 13. Ne2 c5 14. dxc5 Bxc5 15. Ned4 Nd7 16. a3 Rac8 17. Qe2 Ne5 18. Nxe5 Qxe5 19. Nf3 Qb8 20. b4 Bd6 21. h3 Rfe8 22. Qb2 Qa8 23. Qd4 Bf8 24. Qf4 Bg7 25. Ng5 Rf8 26. Nf3 d4 27. exd4 Bxf3 28. gxf3 Qd5 29. Be4 Qxd4 30. Rcd1 Qe5 31. Qg3 Rc3 32. Rd5 Qxg3+ 33. fxg3 Rxa3 34. Rd7 Rb3 35. Rfd1 Rxb4 36. Rxa7 Be5 37. g4 b5 38. Rb7 Rb2 39. Rdd7 Rc8 40. Rd1 b4 41. Bd5 Rc7 42. Rxc7 Bxc7 43. Rd3 Kf8 44. Rb3 Rxb3 45. Bxb3 Ke7 46. Kf2 f5 47. Ke3 Kf6 48. f4 fxg4 49. hxg4 h5 50. gxh5 gxh5 51. Kf3 h4 52. Kg4 h3 53. Kxh3 Bxf4 54. Kg4 1/2-1/2

[Event "Baunatal op 8th"]
[Site "Baunatal"]
[Date "2002.08.09"]
[Round "2"]
[White "Weber, Max1111"]
[Black "Frost, Andreas"]
[Result "0-1"]
[WhiteElo "1518"]
[BlackElo "2088"]
[PlyCount "80"]
[EventDate "2002.08.09"]
[EventType "swiss"]
[EventRounds "7"]
[EventCountry "GER"]
[SourceTitle "EXT 2003"]
[Source "ChessBase"]
[SourceDate "2002.11.25"]
[SourceVersion "1"]
[SourceVersionDate "2002.11.25"]
[SourceQuality "1"]

1. Nf3 Nf6 2. g3 g6 3. Bg2 Bg7 4. d3 0-0 5. 0-0 c5 6. Nbd2 Nc6 7. e4 Qc7 8. Nc4 b5 9. Ne3 Bb7 10. Nh4 e6 11. f4 Ne7 12. f5 exf5 13. exf5 Bxg2 14. Nhxg2 d5 15. fxg6 fxg6 16. Nf4 Qd7 17. c3 Rae8 18. Bd2 g5 19. Nh5 d4 20. Nxf6+ Bxf6 21. Ng4 Bg7 22. Bxg5 Rxf1+ 23. Kxf1 Qf5+ 24. Bf4 Nd5 25. Qf3 h5 26. Nf2 dxc3 27. bxc3 Bxc3 28. Rc1 Re3 29. Qg2 Rxd3 30. Kg1 Bd4 31. Re1 Ra3 32. Re2 Qb1+ 33. Qf1 Qxf1+ 34. Kxf1 Nxf4 35. gxf4 Rf3 36. Kg2 Rxf2+ 37. Rxf2 Bxf2 38. Kxf2 c4 39. Ke3 Kf7 40. Kd4 Kf6 0-1